00665nam a2200241 a 4500001001300000003000900013005001700022008004100039020001100080082001900091100002400110245001400134260003500148300000900183500003500192505001100227650001600238700002400254902000800278942000700286952011500293999001500408nice12345678IN_TiNIC20260116011852.0050524s1971 hyda grp 000 0 urd  ac2.7500a891.4391bTAH1 aTahir, Bashir Ahmed aMa-E-Baqi aHyderabadbVilla Academyc1971 a152p aincludes index and biblioraphy2 aThesis aUrdu-Poetry1 aTahir, Bashir Ahmed bSRS cBK 001040708StackRoom-aHMIbHMId2007-06-25g2.75l0o891.4391 TAH1p06250r2007-06-25v2.75w2005-05-24yBK c4576d4576